| 000 | 00794nam a2200265Ia 4500 | ||
|---|---|---|---|
| 005 | 20250425162344.0 | ||
| 008 | 250425s9999 xx 000 0 und d | ||
| 020 | _a0130426725 | ||
| 041 | _aeng | ||
| 043 | _axxu | ||
| 082 |
_a005.72 _pLIN |
||
| 100 | _aLin, Shu | ||
| 245 | 0 |
_aError Control Coding _bFundamentals and Applications _cShu Lin; Daniel J. Costello, Jr. |
|
| 250 | _aSegunda ed. | ||
| 260 |
_aEstados Unidos _bPearson _c2004 |
||
| 300 |
_a1260 p. _bIlustrado _c24 cm |
||
| 500 | _aIncluye tabla de contenido, bibliografía, índice | ||
| 650 | _aAlgoritmos informáticos | ||
| 650 | _aCodificación-Informática | ||
| 650 | _aFundamentos de conminución | ||
| 650 | _aLenguajes de programación | ||
| 902 |
_aMonográfico _cImpreso |
||
| 942 | _c01 | ||
| 010 | _a65235 | ||
| 999 |
_c227561 _d227561 |
||